00548nam a2200193 a 4500001001300000003000900013005001700022008004100039020002300080082001800103100001800121245007500139260003500214300001000249500003500259505002400294650001800318700001800336nice12345678IN_TiNIC20260116014535.0130515s2009 dela grp 000 0 eng  a9788178242668c69500a306.0954bMIN aMinault, Gail aGender, Language and Learningb Essays in Indo-Muslim Cultural History aDelhi bPermanent Black c2009 a314p  aincludes index and biblioraphy2 aBibliography, Index aCulture-India1 aMinault, Gail